000 00765cam a2200289 4500
001 B3366
008 090401t1991 xxu||||| |||| 00| 0 eng d
035 _a(Sirsi) u55663
041 _aeng
050 _a333.337
100 _aCurrie, David
245 4 _aThe place of commercial property in the UK economy
260 _aLondon
_bLondon Business School
_c1991
300 _aiv,24 leaves ; 30cm.
350 _a25
520 _aCommissioned by the Royal Institution of Chartered Surveyors .
650 _aFINANCIAL INSTITUTIONS
650 _aGDP
650 _aLONDON BUSINESS SCHOOL
650 _aPROPERTY INVESTMENT
650 _aRICS
650 _aSTATISTICS
650 _aVALUE
700 _aScott, Andrew
942 _n0
948 _c04/03/1997
999 _c93632
_d93632